zpět

Detail výsledku týmu

The Pub Praha 2 ST, Praha

Datum a čas kvízu

32.5 Celkem bodů Celkový počet nahraných bodů na tomto kvízu bez doplňovacích otázek.
3. Pořadí na kvízu Konečné umístění týmu na tomto kvízu.

Zaznamenané odpovědi

# Otázka Odpověď Body Výsledky
1. Praha plánuje přejmenovat námě... Boris Němcov 1
2. Když policejní oddělení v Seve... Sauron 1
3. Jak se jmenuje 32letý muž, jen... Ben Cristovao 1
4. Svět mobilních telefonů minulý... Blackberry 0
5. Lodivod české mužské basketbal... Ronen Ginzburg 0
6. Další díl naší cesty kolem svě... Washington, Wisconsin, Wyoming 1
7. Ve kterém roce došlo dne 4. če... v roce 1776 1
8. Fakt, že se ve Spojených státe... 1C 2D 3A 4B 1
9. Která řeka "vyřezala" do kraji... A 1
10. Ze Spojených států pochází nep... Katy Perry 1